000 00532cam a22001457a 4500
008 180718b2004 xxu||||| |||| 00| 0 eng d
100 _aAlberola, Enrique
245 _aTango with the gringo: the hard peg and real misalignment in Argentina
_cby Enrique Alberola, Humberto Lopez and Luis Serven
260 _aWashington, D.C.
_bWorld Bank
_c2004
300 _a28p.
440 _aPolicy research working paper; no. 3322
650 _aForeign exchange administration --Argentina
700 _aServen, Luis
700 _aLopez, Humberto
999 _c291686
_d291686